000 00495nam a2200193Ia 4500
005 20250923150233.0
008 008 250917s9999 xx 000 0 eng d
037 _aTextual
040 _aDSWL
_beng
_cDSWL
041 _aeng
_2eng
084 _qDSWL
100 _aGalen, Jare A
_9843727
245 0 _aLate to class
_cby Jare A Galen
260 _aNew York
_b State Univ.
_c2007
300 _a495 p.
650 _a G. W NOBLIT
_9843728
942 _cTEXL
999 _c1461127
_d1461127